[Event "POL-chT 2nd League"]
[Site "Wysowa"]
[Date "2007.09.09"]
[Round "7"]
[White "Smolenska, Olga"]
[Black "Zdziarska, Lidia"]
[Result "0-1"]
[WhiteElo "1990"]
[BlackElo "1991"]
[PlyCount "118"]
[EventDate "2007.09.03"]
[EventType "team-swiss"]
[EventRounds "9"]
[EventCountry "POL"]
[SourceTitle "EXT 2010"]
[Source "ChessBase"]
[SourceDate "2010.11.25"]
[SourceVersion "1"]
[SourceVersionDate "2010.11.25"]
[SourceQuality "1"]
[WhiteTeam "Konin Hetman"]
[BlackTeam "Chroscice LZS Victoria"]
[WhiteTeamCountry "POL"]
[BlackTeamCountry "POL"]

1. e4 c5 2. Nf3 e6 3. c3 Nc6 4. d4 Nf6 5. Bd3 cxd4 6. Nxd4 Ne5 7. Bc2 d5 8. Bf4 Ng6 9. Bg3 dxe4 10. Nb5 e5 11. 0-0 Qb6 12. Ba4 Bd7 13. N1a3 Rc8 14. Qb3 a6 15. Nd4 Qxb3 16. Bxd7+ Nxd7 17. Nxb3 Bxa3 18. bxa3 Rxc3 19. Rfe1 f5 20. h3 Ke7 21. Rac1 Rhc8 22. Rxc3 Rxc3 23. Rd1 Rc2 24. Rd2 Rxd2 25. Nxd2 Ke6 26. Nc4 Kd5 27. Ne3+ Ke6 28. Nc4 f4 29. Bh2 Kd5 30. Nd2 Kd4 31. Kf1 Kd3 32. Nb3 b6 33. g3 Nc5 34. Nc1+ Kd2 35. Ne2 f3 36. Ng1 Nd3 37. h4 Nxf2 38. Kxf2 e3+ 39. Kxf3 Kd3 40. Kg4 e4 41. Kf5 Ne7+ 42. Ke6 Nc6 43. Nh3 e2 44. Nf4+ Kd2 45. Nxe2 Kxe2 46. Kd5 Kf2 47. Kxe4 Kg2 48. Kd5 Kxh2 49. Kxc6 Kxg3 50. h5 Kg4 51. Kxb6 Kxh5 52. Kxa6 g5 53. a4 g4 54. a5 g3 55. Kb7 g2 56. a6 g1Q 57. a7 Qb1+ 58. Ka8 Qxa2 59. Kb7 Kg4 0-1